LEADER 01255nam a2200289 u 4500 001 000000113259 003 CaOOAMICUS 005 20080930131012.0 008 080930s2008 it cf u000 u ita r 020 $z978-88-420-8739-7* 040 $aPUL$bita$dLDB 100 1 $aPelaja, Margherita.$0(OLS)http://pul/name/69834 245 10$aDue in una carne :$bChiesa e sessualità nella storia /$cMargherita Pelaja, Lucetta Scaraffia. 260 $aRoma :$bLaterza,$c2008. 300 $axi, 322 p., [4] p. di tav. :$britr. ;$c21 cm 490 1 $aStoria e società 500 $aContiene indice. 504 $aBibliografia in nota. 650 4$aSesso$xAspetti morali e religiosi.$0(OLS)http://pul/subject/6711 700 1 $aScaraffia, Lucetta,$d1948-$0(OLS)http://pul/name/13910 830 0$aStoria e società (Laterza).$0(OLS)http://pul/title/761 850 $aPUL 852 $aPUL$W1$xSL Religione 3$y85$m261. 8 PELMA 1$j129412$qDDC 21$B128497$CPULBib$Z2$F128497 $H108323 $82 941 1 $a9 996 $6020$z978-88-420-8739-7*$9(OLS)http://pul/number/138698 996 $6245$aDue in una carne :$bChiesa e sessualità nella storia$9(OLS)http://pul/title/142323 996 $6260$aRoma :$bLaterza$9(OLS)http://pul/publisher/47864 LEADER 01490nam a2200313 a 4500 001 000000120405 003 CaOOAMICUS 005 20100301130630.0 008 100301t2010 it u000 u ita r 020 $a978-88-17-03830-0 040 $aPUL$bita$dReb 100 1 $aOder, Slawomir.$0(OLS)http://pul/name/75315 245 10$aPerché è Santo /$cSlawomir Oder con Saverio Gaeta. 246 33$aPerché è Santo :$bil vero Giovanni Paolo II raccontato dal postulatore della causa di beatificazione 260 $aMilano :$bRizzoli,$c©2010. 300 $a192 p. ;$c23 cm. 600 04$aIohannes Paulus PP.$bII,$cs.,$d1920-2005.$0(OLS)http://pul/subject/1393 700 1 $aGaeta, Saverio,$d1958-$0(OLS)http://pul/name/34157 850 $aPUL 852 $aPUL$W1$xSL Religione 3$y85$m282. 092 ODESL 1$j138037$qDDC 21$B137223$CPULBib$Z2$F137223 $H112932 $82 941 1 $a9 960 $aPapi (1978-2005 : Iohannes Paulus PP. II)$91393 960 $aPapi (1978-2005 : Iohannes Paulus PP. II)$91393 960 $aWojtyla, Karol,$d1920-2005$91393 960 $aGiovanni Paolo$bII,$cpapa, b.,$d1920-2005$91393 996 $6020$a978-88-17-03830-0$9(OLS)http://pul/number/143452 996 $6245$aPerché è Santo$9(OLS)http://pul/title/151434 996 $6246$aPerché è Santo :$bil vero Giovanni Paolo II raccontato dal postulatore della causa di beatificazione$9(OLS)http://pul/title/151438 996 $6260$aMilano :$bRizzoli$9(OLS)http://pul/publisher/48712